000
00340nam a22001337a 4500
020
_a
9787530220184
082
_a
915.1
100
_a
Ning Ken
245
_a
Zhongguancun Notes
_c
Ning Ken
260
_a
Beijing
_b
Beijing Publishing Group
_c
2019
300
_a
585p
942
_2
ddc
_c
BK
999
_c
586563
_d
586563